000 00608nam a22002177a 4500
003 UA-OsUOA
001 60961
007 ta
008 20090615b un ||||| |||| 00| 0 ukr d
100 _aПанфілова Т.
090 _a330(477)
_bП16
942 _cSA
040 _aUA-OsUOA
_bukr
_cUA-OsUOA
_dUA-OsUOA
245 _aУкраїна в глобальному торговельному та інвестиційному середовищі
300 _aС.75-85
955 _a0
041 _aukr
080 _a330(477)
773 0 _w60958
650 7 _a330 Економіка взагалі
_2UDC
999 _c347169
_d347169